00219nam a2200085Ia 4500008004100000020001800041082002000059100002000079245003400099220701s9999 xx 000 0 und d a9781770227880 a796.333092 SCHO aSchoeman Chris  0aSouth Africa's rugby legends